000 00556nam a2200241 a 4500
001 nice12345678
003 IN_TiNIC
005 20260116014939.0
008 050524s1966 newa grp 000 0 eng
020 _a
_c100
082 0 0 _a954
_bTHA2
100 _aThapar, Romila
245 _aHistory of India
260 _aNew York
_bPenguin Books
_c1966
300 _a381p
500 _aincludes index and biblioraphy
505 2 _aIndex
650 _aIndia-History
700 1 _aThapar, Romila
902 _bSRS
942 _cBK
999 _c17667
_d17667